000 01450cam a2200373 a 4500
001 1687137
003 NUST-PNEC
005 20170116180735.0
008 981207s1999 njua b 001 0 eng d
010 _a 99162324
020 _a0130814385
035 _a(DLC) 99162324
035 _a(OCoLC)40449540
040 _aInIR
_cPNEC
_dDLC
042 _alccopycat
050 0 0 _aQA76.8.A176
_bE93 1999
082 _a005.74 EVA
100 1 _aEvans, James S.
245 1 0 _aAlpha RISC architecture for programmers /
_cJames S. Evans, Richard H. Eckhouse.
246 3 _aAlpha reduced instruction set computer architecture for programmers
260 _aUpper Saddle River, N.J. :
_bPrentice Hall PTR,
_cc1999.
300 _axviii, 426 p. :
_bill. ;
_c25 cm.
504 _aIncludes bibliographical references and index.
650 0 _aAlpha (Microprocessor)
_xComputer, MIS
650 0 _aRISC microprocessors.
650 0 _aAssembly languages (Electronic computers)
650 0 _aComputer architecture.
700 1 _aEckhouse, Richard H.,
_d1940-
710 2 _aPrentice Hall PTR.
856 _uhttp://www.amazon.com/Alpha-Architecture-Programmers-James-Evans/dp/0130814385/ref=sr_1_1?s=books&ie=UTF8&qid=1416658635&sr=1-1&keywords=0130814385
906 _a7
_bcbc
_ccopycat
_d2
_encip
_f19
_gy-gencatlg
942 _2ddc
_cBK
999 _c61917
_d61917